[Event "ch-city A"]
[Site "Warszawa"]
[Date "2013.05.11"]
[Round "1.1"]
[White "Gorecki, Andrzej"]
[Black "Grabarczyk, Miroslaw"]
[Result "0-1"]
[WhiteElo "2093"]
[BlackElo "2470"]
[PlyCount "48"]
[EventDate "2013.05.11"]
[EventType "swiss"]
[EventRounds "9"]
[EventCountry "POL"]

1. d4 d5 2. c4 dxc4 3. e4 b5 4. a4 c6 5. axb5 cxb5 6. Nc3 Bd7 7. Nf3 e6 8. Be2
Bb4 9. O-O Ne7 10. Bg5 h6 11. Bh4 O-O 12. d5 Qb6 13. Ne5 Be8 14. Kh1 exd5 15.
exd5 Nf5 16. Bg3 Bd6 17. Ng4 Nxg3+ 18. fxg3 Nd7 19. b3 cxb3 20. Bxb5 Ne5 21.
Ra6 Qc5 22. Bxe8 Qxc3 23. Nxe5 Bxe5 24. Rf3 Qc2 0-1

[Event "ch-city A"]
[Site "Warszawa"]
[Date "2013.05.11"]
[Round "1.2"]
[White "Strzemiecki, Zbigniew"]
[Black "Leks, Maria"]
[Result "1-0"]
[WhiteElo "2443"]
[BlackElo "2091"]
[PlyCount "73"]
[EventDate "2013.05.11"]
[EventType "swiss"]
[EventRounds "9"]
[EventCountry "POL"]

1. e4 d6 2. d4 Nf6 3. Nc3 e5 4. Nf3 Nbd7 5. Bc4 Be7 6. Ng5 O-O 7. Bxf7+ Rxf7 8.
Ne6 Qe8 9. Nxc7 Qd8 10. Nxa8 b6 11. O-O Ba6 12. Re1 Qxa8 13. d5 Nf8 14. a4 Qc8
15. f3 Nh5 16. Nb5 Bh4 17. Re3 Bxb5 18. axb5 Qc5 19. Kh1 Qxb5 20. Rea3 a5 21.
Be3 Bd8 22. Rb3 Qa6 23. Rc3 Rc7 24. Rxc7 Bxc7 25. b4 Qc4 26. bxa5 bxa5 27. Qd3
Qxd3 28. cxd3 Nf4 29. Rc1 Bd8 30. Rc8 Bf6 31. d4 Nd3 32. dxe5 Bxe5 33. Ra8 Nb2
34. f4 Bc3 35. e5 Nc4 36. e6 Bf6 37. Bd4 1-0

[Event "ch-city A"]
[Site "Warszawa"]
[Date "2013.05.11"]
[Round "1.3"]
[White "Eggink, Ryszard"]
[Black "Nurkiewicz, Maciej"]
[Result "1-0"]
[WhiteElo "2087"]
[BlackElo "2379"]
[PlyCount "49"]
[EventDate "2013.05.11"]
[EventType "swiss"]
[EventRounds "9"]
[EventCountry "POL"]

1. d4 Nf6 2. c4 g6 3. Nc3 Bg7 4. g3 O-O 5. Bg2 d6 6. Nf3 Nbd7 7. O-O e5 8. b3
c6 9. dxe5 dxe5 10. Qc2 Re8 11. Nd2 Nc5 12. b4 Ne6 13. e3 Qc7 14. c5 a5 15. Ba3
Bf8 16. Na4 Nd7 17. Rab1 f5 18. f4 axb4 19. Bxb4 exf4 20. exf4 Bg7 21. Rfe1 Nf6
22. Nb6 Rb8 23. Qc4 Kh8 24. Bc3 Bd7 25. Be5 1-0

[Event "ch-city A"]
[Site "Warszawa"]
[Date "2013.05.11"]
[Round "1.4"]
[White "Deszczynski, Adam"]
[Black "Liberadzki, Slawomir"]
[Result "1-0"]
[WhiteElo "2371"]
[BlackElo "2073"]
[PlyCount "49"]
[EventDate "2013.05.11"]
[EventType "swiss"]
[EventRounds "9"]
[EventCountry "POL"]

1. e4 c5 2. Nf3 e6 3. Nc3 Nc6 4. d4 cxd4 5. Nxd4 Qc7 6. g3 a6 7. Bg2 Nf6 8. O-O
g6 9. Re1 Bg7 10. Nxc6 dxc6 11. e5 Nd5 12. Ne4 Bxe5 13. c4 Nf6 14. f4 Nxe4 15.
fxe5 f5 16. exf6 Nxf6 17. Bf4 Qb6+ 18. Be3 Qc7 19. Bc5 Bd7 20. Qd4 Kf7 21. Bd6
Qd8 22. Be5 Rf8 23. Rf1 c5 24. Qc3 Kg7 25. Rxf6 1-0

[Event "ch-city A"]
[Site "Warszawa"]
[Date "2013.05.11"]
[Round "1.5"]
[White "Harazinska, Ewa"]
[Black "Rudolf, Michal"]
[Result "0-1"]
[WhiteElo "2070"]
[BlackElo "2364"]
[PlyCount "64"]
[EventDate "2013.05.11"]
[EventType "swiss"]
[EventRounds "9"]
[EventCountry "POL"]

1. d4 Nf6 2. c4 e6 3. Nc3 Bb4 4. Qc2 O-O 5. a3 Bxc3+ 6. Qxc3 b6 7. Bg5 Bb7 8.
e3 d6 9. f3 Nbd7 10. Bd3 h6 11. Bh4 c5 12. Ne2 Rc8 13. Qd2 cxd4 14. Nxd4 Ne5
15. b3 d5 16. cxd5 Nxd3+ 17. Qxd3 Qxd5 18. Bxf6 gxf6 19. Qe2 Qe5 20. O-O Ba6
21. Qxa6 Qxe3+ 22. Kh1 Qxd4 23. Qxa7 Rc2 24. Rab1 Rd8 25. Rg1 Kg7 26. h3 Rd5
27. Qa4 Qd2 28. Qe4 Re5 29. Qg4+ Rg5 30. Qe4 Ra2 31. a4 Rxg2 32. f4 Rg5 0-1

[Event "ch-city A"]
[Site "Warszawa"]
[Date "2013.05.11"]
[Round "1.6"]
[White "Przedmojski, Rafal"]
[Black "Kubeczko, Grzegorz"]
[Result "1-0"]
[WhiteElo "2359"]
[BlackElo "2036"]
[PlyCount "61"]
[EventDate "2013.05.11"]
[EventType "swiss"]
[EventRounds "9"]
[EventCountry "POL"]

1. e4 c6 2. d4 d5 3. f3 dxe4 4. fxe4 e5 5. Nf3 Bg4 6. Bc4 Nd7 7. c3 Bh5 8. O-O
Ngf6 9. Bg5 Qb6 10. Bxf6 Nxf6 11. Qb3 Qxb3 12. Bxb3 exd4 13. Nxd4 O-O-O 14. e5
Nd5 15. Nd2 c5 16. N4f3 Ne3 17. Rfe1 Bxf3 18. Nxf3 c4 19. Rxe3 cxb3 20. Kf1 Bc5
21. Re4 bxa2 22. Rc4 Rd5 23. b4 b6 24. Rxa2 Kb7 25. bxc5 b5 26. Rf4 Rf8 27. c6+
Kxc6 28. Rxa7 Rd3 29. e6 f6 30. Ne5+ Kb6 31. Rxg7 1-0

[Event "ch-city A"]
[Site "Warszawa"]
[Date "2013.05.11"]
[Round "1.7"]
[White "Kaliszewski, Tomasz"]
[Black "Janczarski, Michal"]
[Result "0-1"]
[WhiteElo "2010"]
[BlackElo "2346"]
[PlyCount "134"]
[EventDate "2013.05.11"]
[EventType "swiss"]
[EventRounds "9"]
[EventCountry "POL"]

1. d4 Nf6 2. Nf3 e6 3. g3 c5 4. c4 b6 5. Bg2 Bb7 6. O-O cxd4 7. Qxd4 Nc6 8. Qf4
d5 9. Rd1 Bd6 10. Qh4 Qe7 11. Nc3 dxc4 12. Bg5 Na5 13. Nd2 Bxg2 14. Kxg2 Qb7+
15. f3 Be7 16. Nxc4 Nxc4 17. Qxc4 O-O 18. Bxf6 Bxf6 19. Rac1 Rac8 20. Qb3 Bg5
21. Rb1 Rc6 22. Rd3 a6 23. Rbd1 Rc7 24. Ne4 Be7 25. Rc3 Rxc3 26. Nxc3 Rc8 27.
Rd3 b5 28. Qd1 Qb6 29. Rd7 Bf8 30. Qd3 Qc6 31. a3 h6 32. Kf1 Rb8 33. Rd8 Rxd8
34. Qxd8 f5 35. Qd3 Be7 36. Kg2 Bf6 37. Nd1 a5 38. b3 Kf7 39. Kf1 h5 40. Ke1 h4
41. Kd2 Qc5 42. Qd7+ Be7 43. Nc3 b4 44. axb4 axb4 45. Nb5 h3 46. f4 Kf6 47. Nc7
Qc3+ 48. Kd1 Qxb3+ 49. Ke1 Qc3+ 50. Kd1 Qa1+ 51. Kd2 Qa2+ 52. Kc1 Qc4+ 53. Kd1
Bf8 54. Ne8+ Kg6 55. Nc7 Bc5 56. Nxe6 Qb3+ 57. Ke1 Qb1+ 58. Kd2 Qb2+ 59. Kd1
Qa1+ 60. Kc2 Qa2+ 61. Kd1 Qb3+ 62. Ke1 Qc3+ 63. Kd1 b3 64. Nxc5 Qc2+ 65. Ke1
Qc1+ 66. Qd1 b2 67. Nd3 Qxd1+ 0-1

[Event "ch-city A"]
[Site "Warszawa"]
[Date "2013.05.11"]
[Round "1.8"]
[White "Adamski, Andrzej"]
[Black "Kuciel, Wladyslaw"]
[Result "1-0"]
[WhiteElo "2270"]
[BlackElo "2006"]
[PlyCount "43"]
[EventDate "2013.05.11"]
[EventType "swiss"]
[EventRounds "9"]
[EventCountry "POL"]

1. e4 c5 2. c3 d5 3. exd5 Nf6 4. d4 Nxd5 5. Nf3 e6 6. Bd3 Nc6 7. O-O cxd4 8.
cxd4 Be7 9. a3 O-O 10. Qc2 h6 11. Nc3 Bf6 12. Rd1 Bd7 13. Bc4 Rc8 14. Qe4 Ncb4
15. Ne5 Bxe5 16. dxe5 Nxc3 17. bxc3 f5 18. exf6 Qxf6 19. Be3 Nc2 20. Qxc2 Rxc4
21. Rxd7 Rxc3 22. Qd1 1-0

[Event "ch-city A"]
[Site "Warszawa"]
[Date "2013.05.11"]
[Round "1.9"]
[White "Bielecki, Pawel"]
[Black "Jarmula, Lukasz"]
[Result "0-1"]
[WhiteElo "1983"]
[BlackElo "2250"]
[PlyCount "130"]
[EventDate "2013.05.11"]
[EventType "swiss"]
[EventRounds "9"]
[EventCountry "POL"]

1. e4 c5 2. Nf3 d6 3. d4 cxd4 4. Nxd4 Nf6 5. Nc3 a6 6. Bc4 e6 7. Bb3 Be7 8. f4
b5 9. e5 dxe5 10. fxe5 Nfd7 11. Bxe6 O-O 12. Bd5 Ra7 13. O-O b4 14. Rxf7 Rxf7
15. Bxf7+ Kxf7 16. e6+ Kg8 17. exd7 Rxd7 18. Nce2 Bb7 19. Bf4 Bd6 20. Qd2 Nc6
21. c3 Bc5 22. Rd1 Qa8 23. Qd3 Nxd4 24. Nxd4 Bxd4+ 25. cxd4 Bxg2 26. Qg3 Be4
27. Be5 Rf7 28. Rf1 Rxf1+ 29. Kxf1 Bg6 30. Qb3+ Kh8 31. Kf2 a5 32. Qf3 Qd8 33.
Qb7 Qh4+ 34. Ke3 Qe1+ 35. Kf4 Qh4+ 36. Ke3 Qe1+ 37. Kf4 Qf2+ 38. Qf3 Qxh2+ 39.
Ke3 Qg1+ 40. Kd2 Qg5+ 41. Qf4 Qg2+ 42. Ke3 Kg8 43. Qf3 Qg5+ 44. Kf2 h5 45. Qf4
Qe7 46. Kg3 Bf7 47. b3 a4 48. Qe3 axb3 49. axb3 Qe6 50. Qg5 Bg6 51. Kf4 Qf7+
52. Kg3 Qxb3+ 53. Kh4 Qd3 54. Qd8+ Kh7 55. Qd7 Qe4+ 56. Kg3 h4+ 57. Kh2 Qc2+
58. Kg1 Qd1+ 59. Kf2 Qd2+ 60. Kf3 Bh5+ 61. Ke4 Qg2+ 62. Ke3 Qe2+ 63. Kf4 Qd2+
64. Ke4 Qg2+ 65. Kf4 Qg3+ 0-1

[Event "ch-city A"]
[Site "Warszawa"]
[Date "2013.05.11"]
[Round "1.10"]
[White "Maciaga, Marcin"]
[Black "Piotrowski, Arkadiusz"]
[Result "1-0"]
[WhiteElo "2208"]
[BlackElo "1971"]
[PlyCount "65"]
[EventDate "2013.05.11"]
[EventType "swiss"]
[EventRounds "9"]
[EventCountry "POL"]

1. d4 d5 2. c4 c6 3. Nf3 Nf6 4. e3 g6 5. Nc3 Bg7 6. Bd3 O-O 7. O-O Nbd7 8. Ne5
Nxe5 9. dxe5 Ne4 10. Nxe4 dxe4 11. Bxe4 Qxd1 12. Rxd1 Bxe5 13. Rb1 Be6 14. b3
Rfd8 15. Ba3 Kf8 16. Bc5 Ke8 17. f4 Bg7 18. h3 h5 19. Kf2 Bd7 20. b4 b6 21. b5
bxc5 22. bxc6 Bf5 23. c7 Bxe4 24. Rxd8+ Rxd8 25. Rb8 Rc8 26. Rxc8+ Kd7 27. Rg8
Kxc7 28. Rxg7 Kd7 29. Rxf7 Bd3 30. Rg7 Ke6 31. a3 a6 32. Rg8 Kd6 33. Rd8+ 1-0

[Event "ch-city A"]
[Site "Warszawa"]
[Date "2013.05.11"]
[Round "1.11"]
[White "Sujkowski, Pawel"]
[Black "Jarmula, Pawel"]
[Result "0-1"]
[WhiteElo "1956"]
[BlackElo "2190"]
[PlyCount "94"]
[EventDate "2013.05.11"]
[EventType "swiss"]
[EventRounds "9"]
[EventCountry "POL"]

1. e4 c5 2. Nf3 d6 3. d4 cxd4 4. Nxd4 Nf6 5. Nc3 a6 6. Be3 e5 7. Nb3 Be6 8. Qd2
Nbd7 9. O-O-O Be7 10. f4 b5 11. f5 Bc4 12. g4 Nxg4 13. Rg1 Nxe3 14. Qxe3 g6 15.
Kb1 Qb6 16. Qg3 Nf6 17. Bd3 Rb8 18. Qh3 Rf8 19. Nd2 Qc6 20. Qe3 Bd8 21. Rgf1 a5
22. Bxc4 bxc4 23. Qe2 Rc8 24. Nd5 Nxd5 25. exd5 Qc7 26. Ne4 Qb8 27. Rf3 gxf5
28. Rxf5 c3 29. b3 Qb4 30. Qb5+ Ke7 31. Rxe5+ dxe5 32. d6+ Ke6 33. Qd5+ Kd7 34.
Qxe5 f5 35. Qg7+ Kc6 36. Qxf8 Qxe4 37. d7 Rb8 38. Qd6+ Kb7 39. Rd5 Qe1+ 40. Rd1
Qe4 41. Rd5 Qh1+ 42. Rd1 Qc6 43. Qe5 a4 44. Qxf5 axb3 45. axb3 Ra8 46. Qd3 Ra5
47. Qxh7 Rd5 0-1

[Event "ch-city A"]
[Site "Warszawa"]
[Date "2013.05.11"]
[Round "1.12"]
[White "Nowicki, Bartosz"]
[Black "Chomczyk, Marek"]
[Result "1-0"]
[WhiteElo "2173"]
[BlackElo "1942"]
[PlyCount "63"]
[EventDate "2013.05.11"]
[EventType "swiss"]
[EventRounds "9"]
[EventCountry "POL"]

1. e4 e5 2. Nf3 Nc6 3. Bb5 a6 4. Ba4 Nf6 5. d3 d6 6. O-O Be7 7. c3 O-O 8. Re1
b5 9. Bb3 Na5 10. Bc2 c5 11. Nbd2 Re8 12. Nf1 Bf8 13. Bg5 h6 14. Bh4 Nc6 15.
Ne3 Be7 16. Nf5 Bxf5 17. exf5 Nd5 18. Bg3 Bf6 19. Nd2 Nde7 20. Qh5 Bg5 21. Nf3
Nxf5 22. h4 Nxg3 23. fxg3 Bf6 24. g4 Qd7 25. d4 g6 26. Qxh6 Qxg4 27. dxc5 dxc5
28. Re4 Qg3 29. Ng5 Ra7 30. Rf1 Bxg5 31. hxg5 Nd4 32. cxd4 1-0

[Event "ch-city A"]
[Site "Warszawa"]
[Date "2013.05.11"]
[Round "1.13"]
[White "Spicak, Krzysztof"]
[Black "Goslawski, Michal"]
[Result "1/2-1/2"]
[WhiteElo "1923"]
[BlackElo "2149"]
[PlyCount "128"]
[EventDate "2013.05.11"]
[EventType "swiss"]
[EventRounds "9"]
[EventCountry "POL"]

1. d4 Nf6 2. c4 e6 3. Nc3 Bb4 4. Qb3 c5 5. dxc5 Qa5 6. Bd2 Nc6 7. Nf3 Qxc5 8.
a3 Bxc3 9. Bxc3 Ne4 10. e3 O-O 11. Qc2 Nxc3 12. Qxc3 a5 13. Be2 d6 14. O-O a4
15. Rfd1 Rd8 16. Rac1 b6 17. Nd2 f5 18. Bf3 Bb7 19. b4 axb3 20. Nxb3 Qe5 21.
Nd4 Na5 22. Bxb7 Nxb7 23. Nc6 Qxc3 24. Rxc3 Rd7 25. Rb1 Nc5 26. f3 Kf7 27. Nd4
Rc7 28. Rd1 Ke7 29. h4 Ra4 30. Nb5 Rc6 31. Nd4 Rc8 32. Rb1 Nd7 33. Rb4 Rxb4 34.
axb4 d5 35. c5 bxc5 36. bxc5 Rxc5 37. Ra3 Rc7 38. Ra6 Nc5 39. Ra8 Nd7 40. Rg8
Kf7 41. Rxg7+ Kf6 42. Rxh7 Rc1+ 43. Kf2 Nf8 44. Ra7 Rh1 45. g3 Rh2+ 46. Kf1 Rb2
47. Ra6 Rb1+ 48. Kf2 Rb2+ 49. Ne2 Nd7 50. Rc6 Ne5 51. Rc3 Ra2 52. Rb3 Rd2 53.
Rb1 Nd3+ 54. Kf1 Ne5 55. Ng1 Nd3 56. Ne2 Ne5 57. Nd4 Nc4 58. Ke1 Rg2 59. Ne2
Nxe3 60. Rb6 Nc2+ 61. Kd1 Ne3+ 62. Ke1 Nc2+ 63. Kd1 Ne3+ 64. Ke1 Nc2+ 1/2-1/2

[Event "ch-city A"]
[Site "Warszawa"]
[Date "2013.05.11"]
[Round "1.14"]
[White "Sadowski, Miroslaw"]
[Black "Gluszko, Monika"]
[Result "1/2-1/2"]
[WhiteElo "2148"]
[BlackElo "1914"]
[PlyCount "35"]
[EventDate "2013.05.11"]
[EventType "swiss"]
[EventRounds "9"]
[EventCountry "POL"]

1. d4 Nf6 2. Nf3 g6 3. Bf4 Bg7 4. Nc3 d5 5. Qd2 O-O 6. Ne5 c5 7. e3 Nh5 8. Bg3
Nxg3 9. hxg3 cxd4 10. exd4 Nc6 11. O-O-O Qa5 12. Bb5 Nxe5 13. dxe5 Bg4 14. f3
Bf5 15. Nxd5 Qxd2+ 16. Rxd2 Bxe5 17. f4 Bd6 18. Nf6+ $11 1/2-1/2

[Event "ch-city A"]
[Site "Warszawa"]
[Date "2013.05.11"]
[Round "1.15"]
[White "Nowak, Lukasz"]
[Black "Kielar, Maciej"]
[Result "1/2-1/2"]
[WhiteElo "1897"]
[BlackElo "2121"]
[PlyCount "127"]
[EventDate "2013.05.11"]
[EventType "swiss"]
[EventRounds "9"]
[EventCountry "POL"]

1. e4 g6 2. d4 Bg7 3. Nc3 c5 4. dxc5 Qa5 5. Bd2 Qxc5 6. Nd5 b6 7. Nf3 Bb7 8.
Bb4 Qc8 9. Bc3 Bxc3+ 10. Nxc3 Nc6 11. Bc4 Nf6 12. e5 Ng4 13. Bxf7+ Kxf7 14.
Ng5+ Kg7 15. Qxg4 Nxe5 16. Qd4 Qc5 17. Qxc5 bxc5 18. f3 h6 19. Nge4 Rac8 20.
O-O-O Rhd8 21. Rhe1 Nf7 22. Nf2 Kf8 23. Nd5 Bxd5 24. Rxd5 e6 25. Rd2 Rc6 26.
Ng4 Ke7 27. c4 Rb6 28. Ne5 Nxe5 29. Rxe5 d6 30. Re1 Rf8 31. Kc2 Rf4 32. b3 Rd4
33. Rxd4 cxd4 34. Kd3 e5 35. f4 Ke6 36. c5 dxc5 37. Rxe5+ Kd6 38. Ke4 Ra6 39.
a4 Rb6 40. Rd5+ Kc6 41. Re5 Rxb3 42. Re6+ Kc7 43. Rxg6 d3 44. Rg7+ Kd6 45. Rg6+
Kd7 46. Rg7+ Ke6 47. Rg6+ Kf7 48. Rxh6 c4 49. Rd6 Rb2 50. Kd4 Rc2 51. Ke3 Rxg2
52. h4 Ra2 53. h5 Kg7 54. f5 Rxa4 55. f6+ Kf7 56. h6 Ra1 57. Rd4 Re1+ 58. Kf2
Rh1 59. h7 Kxf6 60. Rxc4 Rxh7 61. Ke3 Rd7 62. Kd2 Ke5 63. Ra4 Kf5 64. Ra3 $11
1/2-1/2

[Event "ch-city A"]
[Site "Warszawa"]
[Date "2013.05.12"]
[Round "2.1"]
[White "Grabarczyk, Miroslaw"]
[Black "Adamski, Andrzej"]
[Result "1/2-1/2"]
[WhiteElo "2470"]
[BlackElo "2270"]
[PlyCount "53"]
[EventDate "2013.05.11"]
[EventType "swiss"]
[EventRounds "9"]
[EventCountry "POL"]

1. d4 d6 2. Nf3 g6 3. g3 Bg7 4. Bg2 Nf6 5. c4 O-O 6. Nc3 Nbd7 7. O-O c6 8. h3
a6 9. e4 e5 10. Be3 Re8 11. d5 cxd5 12. cxd5 Rf8 13. Rc1 Ne8 14. b4 Bf6 15. Rc2
Be7 16. Bh6 Ng7 17. Qd2 Nb6 18. a4 Bd7 19. a5 Nc4 20. Qc1 Rc8 21. Re1 f5 22.
exf5 gxf5 23. Ng5 Na3 24. Qxa3 Bxg5 25. Bxg5 Qxg5 26. Rec1 Qg6 27. Ne2 1/2-1/2

[Event "ch-city A"]
[Site "Warszawa"]
[Date "2013.05.12"]
[Round "2.2"]
[White "Jarmula, Lukasz"]
[Black "Strzemiecki, Zbigniew"]
[Result "1/2-1/2"]
[WhiteElo "2250"]
[BlackElo "2443"]
[PlyCount "71"]
[EventDate "2013.05.11"]
[EventType "swiss"]
[EventRounds "9"]
[EventCountry "POL"]

1. Nf3 Nf6 2. c4 e6 3. Nc3 Bb4 4. Qc2 O-O 5. a3 Bxc3 6. Qxc3 b6 7. b4 Bb7 8.
Bb2 d6 9. e3 Nbd7 10. Be2 Qe7 11. O-O e5 12. d3 Kh8 13. Rfd1 h6 14. Rac1 Rae8
15. d4 Ne4 16. Qc2 Ng5 17. d5 Bc8 18. Nxg5 Qxg5 19. Qa4 f5 20. Qxa7 f4 21. exf4
Qxf4 22. Rf1 Nf6 23. Rce1 Rf7 24. Bc1 Qh4 25. c5 bxc5 26. bxc5 Ref8 $11 27.
cxd6 cxd6 28. Qb6 Nxd5 29. Qxd6 Nf4 30. Bxf4 exf4 31. f3 Rf6 32. Qc5 Rf5 33.
Qf2 Qd8 34. Rd1 Qa5 35. Bd3 Rg5 36. Kh1 $11 1/2-1/2

[Event "ch-city A"]
[Site "Warszawa"]
[Date "2013.05.12"]
[Round "2.3"]
[White "Jarmula, Pawel"]
[Black "Deszczynski, Adam"]
[Result "1/2-1/2"]
[WhiteElo "2190"]
[BlackElo "2371"]
[PlyCount "123"]
[EventDate "2013.05.11"]
[EventType "swiss"]
[EventRounds "9"]
[EventCountry "POL"]

1. Nf3 Nf6 2. c4 g6 3. Nc3 Bg7 4. e4 d6 5. d4 O-O 6. Be2 Bg4 7. O-O Nc6 8. Be3
Nd7 9. d5 Bxf3 10. Bxf3 Na5 11. Be2 Nb6 12. Bxb6 Bxc3 13. Bd4 Bxd4 14. Qxd4 e5
15. Qc3 b6 16. f4 exf4 17. Rxf4 Nb7 18. Qh3 Qe7 19. Rh4 f5 20. Bd3 Nc5 21. Bc2
Nxe4 22. Bxe4 fxe4 23. Qe6+ Qxe6 24. dxe6 e3 25. Re4 Rf2 26. b3 Re8 27. Rxe3
Rf5 28. Rae1 Re7 29. g4 Rf4 30. h3 Kg7 31. Kg2 g5 32. Kg3 h5 33. Rd1 Kg6 34.
Rd2 Rf6 35. Rde2 Rf1 36. Kg2 Rf4 37. Kg3 h4+ 38. Kg2 Kf6 39. Re1 c6 40. R3e2 d5
41. cxd5 cxd5 42. Re3 Re4 43. Rxe4 dxe4 44. Rxe4 Rxe6 45. Kf3 Rc6 46. Re2 Rc3+
47. Kg2 Rg3+ 48. Kh2 Rd3 49. Kg2 a5 50. Kh2 b5 51. Rc2 a4 52. bxa4 bxa4 53. Re2
a3 54. Kg2 Rg3+ 55. Kh2 Rc3 56. Kg2 Rc1 57. Kf2 Rh1 58. Kg2 Rb1 59. Kf2 Rb2 60.
Kf3 Rxe2 61. Kxe2 Ke5 62. Ke3 1/2-1/2

[Event "ch-city A"]
[Site "Warszawa"]
[Date "2013.05.12"]
[Round "2.4"]
[White "Rudolf, Michal"]
[Black "Maciaga, Marcin"]
[Result "1-0"]
[WhiteElo "2364"]
[BlackElo "2208"]
[PlyCount "65"]
[EventDate "2013.05.11"]
[EventType "swiss"]
[EventRounds "9"]
[EventCountry "POL"]

1. d4 Nf6 2. c4 g6 3. Nc3 d5 4. Nf3 Bg7 5. Qb3 dxc4 6. Qxc4 O-O 7. e4 Be6 8. d5
Bc8 9. Be2 c6 10. O-O b5 11. Qb3 Qa5 12. a3 Na6 13. dxc6 b4 14. Nd5 Nxe4 15.
Nxe7+ Kh8 16. Nxc8 Raxc8 17. Qc4 Nac5 18. Qxb4 Qxb4 19. axb4 Nb3 20. Rxa7 Rxc6
21. Be3 f5 22. Bd1 f4 23. Bxb3 fxe3 24. Bd5 exf2+ 25. Kh1 Nd2 26. Nxd2 Rd6 27.
Ra5 Rf5 28. Ra8+ Bf8 29. Be4 Rff6 30. Nf3 Kg7 31. Ra7+ Kh6 32. g4 Rf4 33. g5+
1-0

[Event "ch-city A"]
[Site "Warszawa"]
[Date "2013.05.12"]
[Round "2.5"]
[White "Borowy, Cezary"]
[Black "Przedmojski, Rafal"]
[Result "0-1"]
[WhiteElo "1842"]
[BlackElo "2359"]
[PlyCount "66"]
[EventDate "2013.05.11"]
[EventType "swiss"]
[EventRounds "9"]
[EventCountry "POL"]

1. c4 c6 2. Nf3 d5 3. g3 Nf6 4. Bg2 Bf5 5. cxd5 cxd5 6. Qb3 Qc8 7. Nc3 e6 8. d3
Nc6 9. Bf4 Be7 10. O-O O-O 11. Rac1 Qd7 12. e4 Bg6 13. Qa4 Rfd8 14. Rfd1 Bh5
15. h3 Bxf3 16. Bxf3 a6 17. d4 b5 18. Qc2 Rac8 19. e5 Ne8 20. Qd2 Nc7 21. Bg5
Nxd4 22. Bg2 Nc6 23. Bxe7 Qxe7 24. Qe3 Na8 25. Ne2 Qa7 26. Qg5 h6 27. Qh5 Nb6
28. Kh2 Nc4 29. b3 N4xe5 30. f4 Nd7 31. f5 Nf6 32. Qh4 e5 33. g4 Qe3 0-1

[Event "ch-city A"]
[Site "Warszawa"]
[Date "2013.05.12"]
[Round "2.6"]
[White "Janczarski, Michal"]
[Black "Nowicki, Bartosz"]
[Result "1-0"]
[WhiteElo "2346"]
[BlackElo "2173"]
[PlyCount "69"]
[EventDate "2013.05.11"]
[EventType "swiss"]
[EventRounds "9"]
[EventCountry "POL"]

1. d4 Nf6 2. c4 g6 3. Nc3 Bg7 4. e4 d6 5. Nf3 O-O 6. Be2 e5 7. O-O Nc6 8. d5
Ne7 9. Ne1 Nd7 10. Be3 f5 11. f3 f4 12. Bf2 g5 13. Rc1 h5 14. Nd3 Nf6 15. c5
Ng6 16. cxd6 cxd6 17. Nb5 Rf7 18. Nxa7 Bd7 19. Qb3 g4 20. Qb6 Qb8 21. Kh1 Ne8
22. Rc4 g3 23. Bg1 gxh2 24. Bf2 h4 25. Kxh2 Bf6 26. Rb4 h3 27. Rg1 Rh7 28. g4
Bh4 29. Bxh4 Nxh4 30. Nc6 Bxc6 31. dxc6 Rc7 32. cxb7 Rc2 33. Qf2 Ra7 34. Ne1
Rd2 35. Bc4+ 1-0

[Event "ch-city A"]
[Site "Warszawa"]
[Date "2013.05.12"]
[Round "2.7"]
[White "Goslawski, Michal"]
[Black "Eggink, Ryszard"]
[Result "0-1"]
[WhiteElo "2149"]
[BlackElo "2087"]
[PlyCount "104"]
[EventDate "2013.05.11"]
[EventType "swiss"]
[EventRounds "9"]
[EventCountry "POL"]

1. Nf3 Nf6 2. c4 e6 3. g3 d5 4. d4 c5 5. cxd5 Nxd5 6. Bg2 Nc6 7. O-O Be7 8. Nc3
Nxc3 9. bxc3 O-O 10. Bf4 Qa5 11. Qb3 Qa6 12. e4 cxd4 13. cxd4 Bf6 14. e5 Be7
15. Rab1 Rd8 16. Rfd1 Na5 17. Qb5 Qxb5 18. Rxb5 b6 19. Ng5 Bb7 20. Bxb7 Nxb7
21. d5 exd5 22. Rbxd5 Rxd5 23. Rxd5 Rd8 24. Rxd8+ Nxd8 25. Ne4 Nc6 26. Kf1 Kf8
27. Ke2 Ke8 28. h4 Kd7 29. Nc3 Ba3 30. Nb5 Bb2 31. Kf3 Nd4+ 32. Nxd4 Bxd4 33.
Be3 Bxe5 34. Ke4 Ke6 35. f4 f5+ 36. Kd3 Bc7 37. Kc4 a6 38. h5 g6 39. h6 Kd6 40.
a4 Kc6 41. Bd2 Bd6 42. Kd4 b5 43. axb5+ axb5 44. Be1 Bf8 45. Ke5 b4 46. Kf6 b3
47. Bc3 Bxh6 48. Kf7 Kd5 49. Kg8 Ke4 50. Kxh7 Bxf4 51. gxf4 Kxf4 52. Kxg6 Kg4
0-1

[Event "ch-city A"]
[Site "Warszawa"]
[Date "2013.05.12"]
[Round "2.8"]
[White "Kowalska, Elzbieta"]
[Black "Sadowski, Miroslaw"]
[Result "0-1"]
[WhiteElo "1891"]
[BlackElo "2148"]
[PlyCount "98"]
[EventDate "2013.05.11"]
[EventType "swiss"]
[EventRounds "9"]
[EventCountry "POL"]

1. e4 g6 2. d4 Bg7 3. Bc4 d6 4. c3 Nf6 5. Nd2 O-O 6. Ne2 c5 7. O-O Nc6 8. f4
cxd4 9. cxd4 Bg4 10. d5 Na5 11. Bd3 Qb6+ 12. Kh1 Nh5 13. Nf3 Rac8 14. h3 Bd7
15. g4 Nf6 16. Ng3 Bb5 17. Qe2 Bxd3 18. Qxd3 Qa6 19. Qxa6 bxa6 20. Bd2 Nc4 21.
Bc3 Nd7 22. Bxg7 Kxg7 23. b3 Ne3 24. Rfc1 Nc2 25. Rab1 Rc3 26. Kg2 Rfc8 27. Kf2
Nb4 28. Rxc3 Rxc3 29. Ne2 Rc2 30. a3 Nd3+ 31. Ke3 N3c5 32. Nfd4 Ra2 33. a4 Nf6
34. Nc6 Nfxe4 35. Re1 Rd2 36. Nc1 a5 37. Nxa5 f5 38. Nc6 Kf6 39. Nxa7 Rh2 40.
g5+ Kf7 41. a5 Rxh3+ 42. Kd4 Nd2 43. Re3 Ndxb3+ 44. Rxb3 Rxb3 45. Nxb3 Nxb3+
46. Kc4 Nxa5+ 47. Kb5 Nb7 48. Kc6 Nc5 49. Nb5 Nd3 0-1

[Event "ch-city A"]
[Site "Warszawa"]
[Date "2013.05.12"]
[Round "2.9"]
[White "Kielar, Maciej"]
[Black "Spicak, Krzysztof"]
[Result "0-1"]
[WhiteElo "2121"]
[BlackElo "1923"]
[PlyCount "102"]
[EventDate "2013.05.11"]
[EventType "swiss"]
[EventRounds "9"]
[EventCountry "POL"]

1. e4 c5 2. Nf3 e6 3. d4 cxd4 4. Nxd4 a6 5. Nc3 b5 6. Bd3 Bb7 7. f4 Nc6 8. Nf3
Bc5 9. Qe2 Qb6 10. e5 f5 11. exf6 Nxf6 12. f5 O-O 13. Bg5 Nd4 14. Nxd4 Bxd4 15.
fxe6 Qxe6 16. Qxe6+ dxe6 17. Bf1 Bxc3+ 18. bxc3 Ne4 19. Be7 Rf7 20. Bb4 a5 21.
Ba3 Nxc3 22. Bb2 Rc8 23. Rg1 Be4 24. Bd3 Bxd3 25. cxd3 Na4 26. Rc1 Rfc7 27.
Rxc7 Rxc7 28. Be5 Rc2 29. a3 b4 30. axb4 axb4 31. Kd1 b3 32. Rf1 Nc3+ 33. Bxc3
Rxc3 34. Rf2 Rxd3+ 35. Kc1 Rc3+ 36. Kb2 Rc2+ 37. Rxc2 bxc2 38. Kxc2 Kf7 39. Kd3
Kf6 40. Ke4 e5 41. g3 g6 42. h3 h6 43. g4 Ke6 44. h4 h5 45. gxh5 gxh5 46. Ke3
Kf5 47. Kf3 e4+ 48. Ke3 Ke5 49. Ke2 Kf4 50. Kf2 Kg4 51. Ke3 Kxh4 0-1

[Event "ch-city A"]
[Site "Warszawa"]
[Date "2013.05.12"]
[Round "2.10"]
[White "Gluszko, Monika"]
[Black "Kasperkiewicz, Pawel"]
[Result "1-0"]
[WhiteElo "1914"]
[BlackElo "2108"]
[PlyCount "60"]
[EventDate "2013.05.11"]
[EventType "swiss"]
[EventRounds "9"]
[EventCountry "POL"]

1. e4 c6 2. c4 d5 3. cxd5 cxd5 4. exd5 Nf6 5. Qa4+ Nbd7 6. Nc3 g6 7. Bc4 Bg7 8.
Nf3 O-O 9. d3 a6 10. Qa3 Ne8 11. O-O Nd6 12. Bg5 h6 13. Bd2 Rb8 14. Ne4 Nf6 15.
Nxd6 exd6 16. Bf4 Bg4 17. Bxd6 Rc8 18. Be7 Qb6 19. Bxf8 Bxf8 20. Qb3 Qc7 21.
Qd1 Bb4 22. a3 Ba5 23. b4 Bb6 24. Re1 Ne8 25. Rc1 Nd6 26. Bb3 Qd8 27. Rxc8 Qxc8
28. Qe2 Kh7 29. Qe5 Bc7 30. Qf6 Qf5 1-0

[Event "ch-city A"]
[Site "Warszawa"]
[Date "2013.05.12"]
[Round "2.11"]
[White "Nurkiewicz, Maciej"]
[Black "Nowak, Lukasz"]
[Result "1-0"]
[WhiteElo "2379"]
[BlackElo "1897"]
[PlyCount "57"]
[EventDate "2013.05.11"]
[EventType "swiss"]
[EventRounds "9"]
[EventCountry "POL"]

1. Nf3 Nf6 2. c4 e6 3. g3 d5 4. Bg2 dxc4 5. Qa4+ Nbd7 6. O-O a6 7. Qxc4 b5 8.
Qc2 Bb7 9. d3 c5 10. a4 Be7 11. Nc3 Qb6 12. Be3 O-O 13. Rfc1 Rfc8 14. h3 Nd5
15. Nxd5 Bxd5 16. Nd2 Qb7 17. Bxd5 exd5 18. Nf3 d4 19. Bg5 Bxg5 20. Nxg5 Qd5
21. Ne4 f5 22. Nd2 Nb6 23. axb5 axb5 24. Rxa8 Nxa8 25. Qb3 Qxb3 26. Nxb3 Nb6
27. Rxc5 Rxc5 28. Nxc5 Kf7 29. Nb3 1-0